Cerro San Pedro : (Record no. 11117)

000 -CABECERA
fixed length control field 00805nam a22001937a 4500
003 - IDENTIFICADOR DEL NÚMERO DE CONTROL
control field AR-CdUCM
008 - DATOS DE LONGITUD FIJA--INFORMACIÓN GENERAL
fixed length control field 190402b ||||| |||| 00| 0 spa d
040 ## - FUENTE DE LA CATALOGACIÓN
Agencia/entidad que catalogó originalmente la obra MUNICIPALIDAD PROVINCIAL DEL CUSCO
Entidad que transcribió la catalogación BIBLIOTECA MUNICIPAL DEL CUSCO
082 ## - NÚMERO DE LA CLASIFICACIÓN DECIMAL DEWEY
No. de Clasificación EP / 376.36 /
Notacion interna C41
100 ## - ENTRADA PRINCIPAL--NOMBRE DE PERSONA
Nombre Personal Alumnos del colegio ¨Madre Admirable¨ de el Agustino
245 ## - MENCIÓN DE TÍTULO
Título Cerro San Pedro :
Resto del título Libro de lectura para niños hecho por niños /
260 ## - PUBLICACIÓN, DISTRIBUCIÓN, ETC.
Lugar de publicación, distribución, etc. Lima :
Nombre de la editorial, distribuidor, etc. Edit. Loreza,
300 ## - DESCRIPCIÓN FÍSICA
Nº de Páginas Extensión 52 paginas ;
Otros detalles físicos Ilustraciones,
Dimensiones 28 cm.
505 ## - NOTA DE CONTENIDO CON FORMATO
Nota de contenido formateada Contenido :Como era antes el cerro San Pedro --El San Pedro --Las minas del Calicanto --El cerro San Pedro en 1946 --Historia antigua del cerro San Pedro ...
650 ## - PUNTO DE ACCESO ADICIONAL DE MATERIA--TÉRMINO DE MATERIA
Descriptor Educación primaria
9 (RLIN) 1561
650 ## - PUNTO DE ACCESO ADICIONAL DE MATERIA--TÉRMINO DE MATERIA
Descriptor Lectura infantil
9 (RLIN) 28296
942 ## - ELEMENTOS DE PUNTO DE ACCESO ADICIONAL (KOHA)
Fuente de clasificación
Tipo de item Libros-BMC
945 ## - PROCESAMIENTO DE INFORMACIÓN LOCAL (OCLC)
Catalogador rjall
Holdings
Estado de retiro (separado) Fuente de clasificación o esquema de estanterías Estado dañado Ubicación Sala donde se ubica Nombre de la colección Fecha de adquisición o compra Costo, precio normal en soles Signatura topográfica Código de Barras Última vez visto (Koha) Tipo de ítem (Koha)
No     Sala de Infantes Sala de Infantes Children's Area 2019-04-02 15.00 EP / 376.36 / C41 SI00001009 2019-04-02 Libros-BMC

Powered by Koha